|
|
|
|
| LEADER |
00839nam a2200217 a 4500 |
| 001 |
1652392 |
| 008 |
091123r19951985ii a b 001 0 eng d |
| 020 |
|
|
|a 0706998073
|
| 020 |
|
|
|a 0706927168
|
| 040 |
|
|
|a UUM
|c UUM
|d CU-Riv
|
| 082 |
0 |
0 |
|a 330
|2 20
|
| 100 |
1 |
|
|a Dwivedi, D. N.
|
| 245 |
0 |
0 |
|a Principles of economics /
|c D.N. Dwivedi.
|
| 260 |
|
|
|a New Delhi :
|b Vikas Publishing House Pvt Ltd.,
|c 1985 [reprinted 1995].
|
| 300 |
|
|
|a xi, 702 p. :
|b ill. ;
|c 24 cm.
|
| 504 |
|
|
|a Includes bibliographical references and index.
|
| 541 |
1 |
|
|e 00012780
|
| 650 |
|
0 |
|a Economics.
|
| 852 |
4 |
|
|a Ayesha Abed Library
|j General shelf
|
| 999 |
|
|
|c 5818
|d 5818
|
| 952 |
|
|
|0 0
|1 0
|2 ddc
|4 0
|6 330_000000000000000_DWI
|7 0
|9 5781
|a BRACUL
|b BRACUL
|c GEN
|d 2009-11-23
|g 0.00
|l 4
|m 1
|o 330 DWI
|p 3010012780
|r 2019-03-27
|s 2019-02-06
|t 1
|w 2009-11-23
|y BK
|x No price found in the accession register.
|